Top 50 des prénoms garçons et filles années 1910 - Statistiques

Statistiques générales
  • Ce quiz a été pris 77 fois
  • Le résultat moyen est 49 sur 100
Statistiques - réponses
Prénom % Correct
Jean
93%
Pierre
93%
Marie
91%
Paul
91%
Louis
84%
Anne
82%
François
82%
Henri
80%
Jeanne
80%
André
78%
René
76%
Jacques
75%
Michel
75%
Bernard
73%
Françoise
73%
Georges
73%
Louise
73%
Robert
71%
Joseph
69%
Albert
65%
Andrée
65%
Marcel
65%
Renée
65%
Emile
64%
Léon
64%
Paulette
64%
Simone
64%
Simonne
64%
Henriette
62%
Raymond
62%
Antoine
60%
Charles
60%
Hélène
60%
Lucie
58%
Maurice
58%
Thérèse
58%
Georgette
56%
Jacqueline
56%
Roger
56%
Jules
55%
Madeleine
53%
Raymonde
53%
Suzanne
53%
Auguste
51%
Denise
51%
Lucien
51%
Marcelle
51%
Maria
51%
Julien
49%
Marguerite
49%
Yves
49%
Yvette
49%
Yvonne
49%
Charlotte
47%
Germaine
47%
Juliette
47%
Anna
44%
Fernand
42%
Odette
42%
Alfred
40%
Camille
40%
Josephine
40%
Alice
38%
Lucienne
38%
Alexandre
36%
Victor
36%
Augustine
35%
Edouard
35%
Gabriel
35%
Gaston
35%
Marthe
35%
Fernande
33%
Geneviève
33%
Rose
33%
Aime
31%
Alphonse
31%
Antoinette
31%
Edmond
31%
Eugène
31%
Armand
29%
Elise
29%
Etienne
29%
Eugénie
29%
Gabrielle
29%
Gilbert
29%
Adrien
27%
Emilienne
27%
Ernest
27%
Francis
25%
Gustave
24%
Marius
22%
Roland
22%
Angèle
20%
Berthe
20%
Cécile
20%
Gilberte
20%
Irène
20%
Félix
16%
Solange
15%
Marie-Louise
4%
Aucun quiz correspondant
Distribution des résultats
% des personnes avec chaque résultat
Percentile par nombre de réponses
Votre historique - résultats
Vous n’avez pas pris ce quiz